The Human Rights Act 1998 : issues for commericial property (Record no. 64077)
[ view plain ]
| 000 -LEADER | |
|---|---|
| fixed length control field | 00966cam a2200229 4500 |
| 001 - CONTROL NUMBER | |
| control field | ABS62642 |
| 008 - FIXED-LENGTH DATA ELEMENTS--GENERAL INFORMATION | |
| fixed length control field | 000000n2000 000 0 eng u |
| 035 ## - SYSTEM CONTROL NUMBER | |
| System control number | (Sirsi) u107189 |
| 100 ## - MAIN ENTRY--PERSONAL NAME | |
| Personal name | Cox, D. |
| 245 #4 - TITLE STATEMENT | |
| Title | The Human Rights Act 1998 : issues for commericial property |
| 260 ## - PUBLICATION, DISTRIBUTION, ETC. | |
| Date of publication, distribution, etc. | 2000 |
| 490 ## - SERIES STATEMENT | |
| Series statement | Corporate Briefing |
| Volume/sequential designation | 14(6) June 2000, 18-20(3) |
| 520 ## - SUMMARY, ETC. | |
| Summary, etc. | Outlines the effect the Human Rights Act 1998 will have on the way in which legal and other professionals approach property transactions. Discusses the sections most relevant to property transactions: Article 1 of the First Protocol -Right to peaceful enjoyment of property and possessions; Article 6 - Right to a fair trial; and Article 8 - Right to private life and home. |
| 590 ## - LOCAL NOTE (RLIN) | |
| Local note | ABS |
| 650 ## - SUBJECT ADDED ENTRY--TOPICAL TERM | |
| Topical term or geographic name entry element | HUMAN RIGHTS ACT 1998 |
| 650 ## - SUBJECT ADDED ENTRY--TOPICAL TERM | |
| Topical term or geographic name entry element | PROPERTY TRANSACTIONS |
| 650 ## - SUBJECT ADDED ENTRY--TOPICAL TERM | |
| Topical term or geographic name entry element | PROPERTY-COMMERCIAL PROPERTY |
| 650 ## - SUBJECT ADDED ENTRY--TOPICAL TERM | |
| Topical term or geographic name entry element | FORFEITURE |
| 650 ## - SUBJECT ADDED ENTRY--TOPICAL TERM | |
| Topical term or geographic name entry element | DISTRAINT |
| 690 ## - LOCAL SUBJECT ADDED ENTRY--TOPICAL TERM (OCLC, RLIN) | |
| Topical term or geographic name as entry element | LAW |
| 942 ## - ADDED ENTRY ELEMENTS (KOHA) | |
| Suppress in OPAC | 0 |
| Withdrawn status | Lost status | Source of classification or shelving scheme | Damaged status | Not for loan | Home library | Current library | Shelving location | Date acquired | Total Checkouts | Full call number | Barcode | Date last seen | Copy number | Price effective from | Koha item type |
|---|---|---|---|---|---|---|---|---|---|---|---|---|---|---|---|
| Dewey Decimal Classification | London | London | Journal article | 18/07/2000 | ABS62642 | 107189-1001 | 06/08/2019 | 1 | 06/08/2019 | Journal article |